US States and Capitals by Final Letter - Statistics

General Stats
  • This quiz has been taken 30 times
    26 since last reset
  • The average score is 21 of 29
Answer Stats
Hint Answer % Correct
A Alabama | Alaska | Arizona | California | Florida | Georgia | Indiana | Iowa | Louisiana | Minnesota | Montana | Nebraska | Nevada | North Carolina | North Dakota | Oklahoma | Pennsylvania | South Carolina | South Dakota | Virginia | West Virginia
100%
S Arkansas | Illinois | Kansas | Massachusetts | Texas
100%
O Colorado | Idaho | New Mexico | Ohio
100%
E Delaware | Maine | New Hampshire | Tennessee
100%
D Maryland | Rhode Island
100%
I Hawaii | Mississippi | Missouri
95%
Y Kentucky | New Jersey
95%
N Michigan | Oregon | Washington | Wisconsin
95%
T Connecticut | Vermont
91%
Y Albany | Carson City | Jefferson City | Montgomery | Oklahoma City | Salt Lake City
86%
A Atlanta | Augusta | Columbia | Helena | Olympia | Topeka
82%
N Austin | Boston | Charleston | Jackson | Lincoln | Madison | Trenton
77%
X Phoenix
77%
E Baton Rouge | Boise | Cheyenne | Nashville | Pierre | Providence | Santa Fe | Tallahassee
73%
K Bismarck | Little Rock
73%
D Concord | Hartford | Richmond | Springfield
73%
H Utah
73%
G Wyoming
73%
R Denver | Dover | Montpelier
68%
K New York
68%
G Harrisburg | Lansing
64%
O Sacramento
64%
S Annapolis | Columbus | Des Moines | Indianapolis
59%
U Honolulu | Juneau
59%
M Salem
45%
T Frankfort
41%
L Saint Paul
41%
H Raleigh
36%
C Washington DC
9%
No matching quizzes found
Score Distribution
Percent of People with Each Score
Percentile by Number Answered
Your Score History
You have not taken this quiz since the last reset